000 00624nam a2200193Ii 4500
003 JO-AjNU
008 230605s9999||||xx |||||||||||||| ||und||
040 _aJO-AjNU
_bara
_erda
_cJO-AjNU
041 _aara
050 1 4 _aKMP68.3.Y3446.1962
100 3 _aيكن ، زهدي ,
_eauthor
_931254
245 0 0 _aالملكية والحقوق العينية الأصلية علما وعملا
250 _aط2
264 3 1 _aبيروت : منشورات المكتبة العصرية ، 1962
300 _a360ص
336 _atext
_btxt
_2rdacontent
337 _aunmediated
_bn
_2rdamedia
338 _avolume
_bnc
_2rdacarrier
999 _aA12481
_c16049
_d16049